<?xml version="1.0" encoding="UTF-8"?>
<marc:record xmlns:marc="http://www.loc.gov/MARC21/slim" type="Bibliographic">
   <marc:leader>00000pam a2200000 c 4500</marc:leader>
   <marc:controlfield tag="001">973303581</marc:controlfield>
   <marc:controlfield tag="003">DE-101</marc:controlfield>
   <marc:controlfield tag="005">20171203173510.0</marc:controlfield>
   <marc:controlfield tag="007">tu</marc:controlfield>
   <marc:controlfield tag="008">050104s2005    gw ||||| |||| 00||||ger  </marc:controlfield>
   <marc:datafield ind1=" " ind2=" " tag="015">
      <marc:subfield code="a">05,A32,0430</marc:subfield>
      <marc:subfield code="z">05,N05,0548</marc:subfield>
      <marc:subfield code="2">dnb</marc:subfield>
   </marc:datafield>
   <marc:datafield ind1="7" ind2=" " tag="016">
      <marc:subfield code="2">DE-101</marc:subfield>
      <marc:subfield code="a">973303581</marc:subfield>
   </marc:datafield>
   <marc:datafield ind1=" " ind2=" " tag="020">
      <marc:subfield code="a">9783810040923</marc:subfield>
      <marc:subfield code="c">kart. : EUR 29.90</marc:subfield>
      <marc:subfield code="9">978-3-8100-4092-3</marc:subfield>
   </marc:datafield>
   <marc:datafield ind1=" " ind2=" " tag="020">
      <marc:subfield code="a">3810040924</marc:subfield>
      <marc:subfield code="c">kart. : EUR 29.90</marc:subfield>
      <marc:subfield code="9">3-8100-4092-4</marc:subfield>
   </marc:datafield>
   <marc:datafield ind1="3" ind2=" " tag="024">
      <marc:subfield code="a">9783810040923</marc:subfield>
   </marc:datafield>
   <marc:datafield ind1="5" ind2="2" tag="028">
      <marc:subfield code="a">618/34092</marc:subfield>
   </marc:datafield>
   <marc:datafield ind1=" " ind2=" " tag="035">
      <marc:subfield code="a">(DE-599)DNB973303581</marc:subfield>
   </marc:datafield>
   <marc:datafield ind1=" " ind2=" " tag="035">
      <marc:subfield code="a">(OCoLC)249206818</marc:subfield>
   </marc:datafield>
   <marc:datafield ind1=" " ind2=" " tag="040">
      <marc:subfield code="a">1245</marc:subfield>
      <marc:subfield code="b">ger</marc:subfield>
      <marc:subfield code="c">DE-101</marc:subfield>
      <marc:subfield code="d">9999</marc:subfield>
   </marc:datafield>
   <marc:datafield ind1=" " ind2=" " tag="041">
      <marc:subfield code="a">ger</marc:subfield>
   </marc:datafield>
   <marc:datafield ind1=" " ind2=" " tag="044">
      <marc:subfield code="c">XA-DE-HE</marc:subfield>
   </marc:datafield>
   <marc:datafield ind1="7" ind2="4" tag="082">
      <marc:subfield code="a">320</marc:subfield>
      <marc:subfield code="q">DE-101</marc:subfield>
      <marc:subfield code="2">22sdnb</marc:subfield>
   </marc:datafield>
   <marc:datafield ind1=" " ind2=" " tag="090">
      <marc:subfield code="a">b</marc:subfield>
   </marc:datafield>
   <marc:datafield ind1="0" ind2="0" tag="245">
      <marc:subfield code="a">NGOs im Prozess der Globalisierung</marc:subfield>
      <marc:subfield code="b">mächtige Zwerge - umstrittene Riesen</marc:subfield>
      <marc:subfield code="c">Achim Brunnengräber ... (Hrsg.)</marc:subfield>
   </marc:datafield>
   <marc:datafield ind1=" " ind2=" " tag="250">
      <marc:subfield code="a">1. Aufl.</marc:subfield>
   </marc:datafield>
   <marc:datafield ind1=" " ind2=" " tag="259">
      <marc:subfield code="a">11</marc:subfield>
   </marc:datafield>
   <marc:datafield ind1=" " ind2="1" tag="264">
      <marc:subfield code="a">Wiesbaden</marc:subfield>
      <marc:subfield code="b">VS, Verl. für Sozialwiss.</marc:subfield>
      <marc:subfield code="c">2005</marc:subfield>
   </marc:datafield>
   <marc:datafield ind1=" " ind2=" " tag="300">
      <marc:subfield code="a">446 S.</marc:subfield>
      <marc:subfield code="c">21 cm</marc:subfield>
   </marc:datafield>
   <marc:datafield ind1=" " ind2=" " tag="336">
      <marc:subfield code="a">Text</marc:subfield>
      <marc:subfield code="b">txt</marc:subfield>
      <marc:subfield code="2">rdacontent</marc:subfield>
   </marc:datafield>
   <marc:datafield ind1=" " ind2=" " tag="337">
      <marc:subfield code="a">ohne Hilfsmittel zu benutzen</marc:subfield>
      <marc:subfield code="b">n</marc:subfield>
      <marc:subfield code="2">rdamedia</marc:subfield>
   </marc:datafield>
   <marc:datafield ind1=" " ind2=" " tag="338">
      <marc:subfield code="a">Band</marc:subfield>
      <marc:subfield code="b">nc</marc:subfield>
      <marc:subfield code="2">rdacarrier</marc:subfield>
   </marc:datafield>
   <marc:datafield ind1="1" ind2=" " tag="490">
      <marc:subfield code="a">Bürgergesellschaft und Demokratie</marc:subfield>
      <marc:subfield code="v">Bd. 17</marc:subfield>
   </marc:datafield>
   <marc:datafield ind1=" " ind2=" " tag="500">
      <marc:subfield code="a">Literaturangaben</marc:subfield>
   </marc:datafield>
   <marc:datafield ind1=" " ind2=" " tag="520">
      <marc:subfield code="a">NGOs: eine Antwort auf den Globalisierungsprozess - NGOs in der internationalen Politik - NGOs und globale Protestnetzwerke</marc:subfield>
   </marc:datafield>
   <marc:datafield ind1=" " ind2="7" tag="650">
      <marc:subfield code="0">(DE-588)4131014-7</marc:subfield>
      <marc:subfield code="0">http://d-nb.info/gnd/4131014-7</marc:subfield>
      <marc:subfield code="0">(DE-101)041310144</marc:subfield>
      <marc:subfield code="a">Nichtstaatliche Organisation</marc:subfield>
      <marc:subfield code="2">gnd</marc:subfield>
   </marc:datafield>
   <marc:datafield ind1=" " ind2="7" tag="650">
      <marc:subfield code="0">(DE-588)4698151-2</marc:subfield>
      <marc:subfield code="0">http://d-nb.info/gnd/4698151-2</marc:subfield>
      <marc:subfield code="0">(DE-101)965106497</marc:subfield>
      <marc:subfield code="a">Global Governance</marc:subfield>
      <marc:subfield code="2">gnd</marc:subfield>
   </marc:datafield>
   <marc:datafield ind1=" " ind2="7" tag="650">
      <marc:subfield code="0">(DE-588)4131014-7</marc:subfield>
      <marc:subfield code="0">http://d-nb.info/gnd/4131014-7</marc:subfield>
      <marc:subfield code="0">(DE-101)041310144</marc:subfield>
      <marc:subfield code="a">Nichtstaatliche Organisation</marc:subfield>
      <marc:subfield code="2">gnd</marc:subfield>
   </marc:datafield>
   <marc:datafield ind1=" " ind2="7" tag="650">
      <marc:subfield code="0">(DE-588)4072885-7</marc:subfield>
      <marc:subfield code="0">http://d-nb.info/gnd/4072885-7</marc:subfield>
      <marc:subfield code="0">(DE-101)040728854</marc:subfield>
      <marc:subfield code="a">Internationale Politik</marc:subfield>
      <marc:subfield code="2">gnd</marc:subfield>
   </marc:datafield>
   <marc:datafield ind1=" " ind2="7" tag="650">
      <marc:subfield code="0">(DE-588)4124941-0</marc:subfield>
      <marc:subfield code="0">http://d-nb.info/gnd/4124941-0</marc:subfield>
      <marc:subfield code="0">(DE-101)041249410</marc:subfield>
      <marc:subfield code="a">Demokratisierung</marc:subfield>
      <marc:subfield code="2">gnd</marc:subfield>
   </marc:datafield>
   <marc:datafield ind1=" " ind2="7" tag="650">
      <marc:subfield code="0">(DE-588)4131014-7</marc:subfield>
      <marc:subfield code="0">http://d-nb.info/gnd/4131014-7</marc:subfield>
      <marc:subfield code="0">(DE-101)041310144</marc:subfield>
      <marc:subfield code="a">Nichtstaatliche Organisation</marc:subfield>
      <marc:subfield code="2">gnd</marc:subfield>
   </marc:datafield>
   <marc:datafield ind1=" " ind2="7" tag="650">
      <marc:subfield code="0">(DE-588)4226404-2</marc:subfield>
      <marc:subfield code="0">http://d-nb.info/gnd/4226404-2</marc:subfield>
      <marc:subfield code="0">(DE-101)042264049</marc:subfield>
      <marc:subfield code="a">Protestbewegung</marc:subfield>
      <marc:subfield code="2">gnd</marc:subfield>
   </marc:datafield>
   <marc:datafield ind1=" " ind2="7" tag="650">
      <marc:subfield code="0">(DE-588)4369958-3</marc:subfield>
      <marc:subfield code="0">http://d-nb.info/gnd/4369958-3</marc:subfield>
      <marc:subfield code="0">(DE-101)943847931</marc:subfield>
      <marc:subfield code="a">Politisches Netzwerk</marc:subfield>
      <marc:subfield code="2">gnd</marc:subfield>
   </marc:datafield>
   <marc:datafield ind1=" " ind2=" " tag="653">
      <marc:subfield code="a">(VLB-FS)Nicht-Regierungs-Organisationen</marc:subfield>
   </marc:datafield>
   <marc:datafield ind1=" " ind2=" " tag="653">
      <marc:subfield code="a">(VLB-FS)Zivilgesellschaft</marc:subfield>
   </marc:datafield>
   <marc:datafield ind1=" " ind2=" " tag="653">
      <marc:subfield code="a">(VLB-FS)Global Governance</marc:subfield>
   </marc:datafield>
   <marc:datafield ind1=" " ind2=" " tag="653">
      <marc:subfield code="a">(VLB-FS)Demokratie</marc:subfield>
   </marc:datafield>
   <marc:datafield ind1=" " ind2=" " tag="653">
      <marc:subfield code="a">(VLB-FS)soziale Bewegungen</marc:subfield>
   </marc:datafield>
   <marc:datafield ind1=" " ind2=" " tag="653">
      <marc:subfield code="a">(VLB-PF)BC: Paperback</marc:subfield>
   </marc:datafield>
   <marc:datafield ind1=" " ind2=" " tag="653">
      <marc:subfield code="a">(VLB-WI)1: Hardcover, Softcover, Karte</marc:subfield>
   </marc:datafield>
   <marc:datafield ind1=" " ind2=" " tag="653">
      <marc:subfield code="a">(VLB-WG)744: Politik, Gesellschaft, Arbeit / Soziologie</marc:subfield>
   </marc:datafield>
   <marc:datafield ind1=" " ind2="7" tag="655">
      <marc:subfield code="0">(DE-588)4143413-4</marc:subfield>
      <marc:subfield code="0">http://d-nb.info/gnd/4143413-4</marc:subfield>
      <marc:subfield code="0">(DE-101)041434137</marc:subfield>
      <marc:subfield code="a">Aufsatzsammlung</marc:subfield>
      <marc:subfield code="2">gnd-content</marc:subfield>
   </marc:datafield>
   <marc:datafield ind1=" " ind2="7" tag="655">
      <marc:subfield code="a">Aufsatzsammlung</marc:subfield>
      <marc:subfield code="2">gnd</marc:subfield>
   </marc:datafield>
   <marc:datafield ind1=" " ind2="7" tag="655">
      <marc:subfield code="a">Aufsatzsammlung</marc:subfield>
      <marc:subfield code="2">gnd</marc:subfield>
   </marc:datafield>
   <marc:datafield ind1=" " ind2="7" tag="655">
      <marc:subfield code="a">Aufsatzsammlung</marc:subfield>
      <marc:subfield code="2">gnd</marc:subfield>
   </marc:datafield>
   <marc:datafield ind1="0" ind2="0" tag="689">
      <marc:subfield code="0">(DE-588)4131014-7</marc:subfield>
      <marc:subfield code="0">http://d-nb.info/gnd/4131014-7</marc:subfield>
      <marc:subfield code="0">(DE-101)041310144</marc:subfield>
      <marc:subfield code="D">s</marc:subfield>
      <marc:subfield code="a">Nichtstaatliche Organisation</marc:subfield>
   </marc:datafield>
   <marc:datafield ind1="0" ind2="1" tag="689">
      <marc:subfield code="0">(DE-588)4698151-2</marc:subfield>
      <marc:subfield code="0">http://d-nb.info/gnd/4698151-2</marc:subfield>
      <marc:subfield code="0">(DE-101)965106497</marc:subfield>
      <marc:subfield code="D">s</marc:subfield>
      <marc:subfield code="a">Global Governance</marc:subfield>
   </marc:datafield>
   <marc:datafield ind1="0" ind2="2" tag="689">
      <marc:subfield code="A">f</marc:subfield>
      <marc:subfield code="a">Aufsatzsammlung</marc:subfield>
   </marc:datafield>
   <marc:datafield ind1="0" ind2=" " tag="689">
      <marc:subfield code="5">DE-101</marc:subfield>
      <marc:subfield code="5">DE-101</marc:subfield>
   </marc:datafield>
   <marc:datafield ind1="1" ind2="0" tag="689">
      <marc:subfield code="0">(DE-588)4131014-7</marc:subfield>
      <marc:subfield code="0">http://d-nb.info/gnd/4131014-7</marc:subfield>
      <marc:subfield code="0">(DE-101)041310144</marc:subfield>
      <marc:subfield code="D">s</marc:subfield>
      <marc:subfield code="a">Nichtstaatliche Organisation</marc:subfield>
   </marc:datafield>
   <marc:datafield ind1="1" ind2="1" tag="689">
      <marc:subfield code="0">(DE-588)4072885-7</marc:subfield>
      <marc:subfield code="0">http://d-nb.info/gnd/4072885-7</marc:subfield>
      <marc:subfield code="0">(DE-101)040728854</marc:subfield>
      <marc:subfield code="D">s</marc:subfield>
      <marc:subfield code="a">Internationale Politik</marc:subfield>
   </marc:datafield>
   <marc:datafield ind1="1" ind2="2" tag="689">
      <marc:subfield code="0">(DE-588)4124941-0</marc:subfield>
      <marc:subfield code="0">http://d-nb.info/gnd/4124941-0</marc:subfield>
      <marc:subfield code="0">(DE-101)041249410</marc:subfield>
      <marc:subfield code="D">s</marc:subfield>
      <marc:subfield code="a">Demokratisierung</marc:subfield>
   </marc:datafield>
   <marc:datafield ind1="1" ind2="3" tag="689">
      <marc:subfield code="A">f</marc:subfield>
      <marc:subfield code="a">Aufsatzsammlung</marc:subfield>
   </marc:datafield>
   <marc:datafield ind1="1" ind2=" " tag="689">
      <marc:subfield code="5">DE-101</marc:subfield>
      <marc:subfield code="5">DE-101</marc:subfield>
   </marc:datafield>
   <marc:datafield ind1="2" ind2="0" tag="689">
      <marc:subfield code="0">(DE-588)4131014-7</marc:subfield>
      <marc:subfield code="0">http://d-nb.info/gnd/4131014-7</marc:subfield>
      <marc:subfield code="0">(DE-101)041310144</marc:subfield>
      <marc:subfield code="D">s</marc:subfield>
      <marc:subfield code="a">Nichtstaatliche Organisation</marc:subfield>
   </marc:datafield>
   <marc:datafield ind1="2" ind2="1" tag="689">
      <marc:subfield code="0">(DE-588)4226404-2</marc:subfield>
      <marc:subfield code="0">http://d-nb.info/gnd/4226404-2</marc:subfield>
      <marc:subfield code="0">(DE-101)042264049</marc:subfield>
      <marc:subfield code="D">s</marc:subfield>
      <marc:subfield code="a">Protestbewegung</marc:subfield>
   </marc:datafield>
   <marc:datafield ind1="2" ind2="2" tag="689">
      <marc:subfield code="0">(DE-588)4369958-3</marc:subfield>
      <marc:subfield code="0">http://d-nb.info/gnd/4369958-3</marc:subfield>
      <marc:subfield code="0">(DE-101)943847931</marc:subfield>
      <marc:subfield code="D">s</marc:subfield>
      <marc:subfield code="a">Politisches Netzwerk</marc:subfield>
   </marc:datafield>
   <marc:datafield ind1="2" ind2="3" tag="689">
      <marc:subfield code="A">f</marc:subfield>
      <marc:subfield code="a">Aufsatzsammlung</marc:subfield>
   </marc:datafield>
   <marc:datafield ind1="2" ind2=" " tag="689">
      <marc:subfield code="5">DE-101</marc:subfield>
      <marc:subfield code="5">DE-101</marc:subfield>
   </marc:datafield>
   <marc:datafield ind1="1" ind2=" " tag="700">
      <marc:subfield code="0">(DE-588)12254501X</marc:subfield>
      <marc:subfield code="0">http://d-nb.info/gnd/12254501X</marc:subfield>
      <marc:subfield code="0">(DE-101)12254501X</marc:subfield>
      <marc:subfield code="a">Brunnengräber, Achim</marc:subfield>
      <marc:subfield code="d">1963-</marc:subfield>
      <marc:subfield code="e">Herausgeber</marc:subfield>
      <marc:subfield code="4">edt</marc:subfield>
   </marc:datafield>
   <marc:datafield ind1="0" ind2="8" tag="776">
      <marc:subfield code="i">Online-Ausg.</marc:subfield>
      <marc:subfield code="t">NGOs im Prozess der Globalisierung</marc:subfield>
      <marc:subfield code="d">Wiesbaden : VS Verlag für Sozialwissenschaften, 2005</marc:subfield>
      <marc:subfield code="h">Online-Ressource</marc:subfield>
      <marc:subfield code="w">(DE-101)1017724237</marc:subfield>
   </marc:datafield>
   <marc:datafield ind1=" " ind2="0" tag="830">
      <marc:subfield code="a">Bürgergesellschaft und Demokratie</marc:subfield>
      <marc:subfield code="v">Bd. 17</marc:subfield>
      <marc:subfield code="w">(DE-101)026115697</marc:subfield>
      <marc:subfield code="w">(DE-600)2149408-3</marc:subfield>
      <marc:subfield code="9">217</marc:subfield>
      <marc:subfield code="7">as</marc:subfield>
   </marc:datafield>
   <marc:datafield ind1=" " ind2=" " tag="850">
      <marc:subfield code="a">DE-101a</marc:subfield>
      <marc:subfield code="a">DE-101b</marc:subfield>
   </marc:datafield>
   <marc:datafield ind1="4" ind2="2" tag="856">
      <marc:subfield code="m">V:AT-OBV</marc:subfield>
      <marc:subfield code="q">application/pdf</marc:subfield>
      <marc:subfield code="u">http://d-nb.info/973303581/04</marc:subfield>
      <marc:subfield code="3">Inhaltsverzeichnis</marc:subfield>
   </marc:datafield>
   <marc:datafield ind1="r" ind2=" " tag="925">
      <marc:subfield code="a">ra</marc:subfield>
   </marc:datafield>
</marc:record>
